World's Biggest Islands - Statistics

General Stats
  • This quiz has been taken 140,443 times
    129,652 since last reset
  • The average score is 12 of 26
Answer Stats
km² Continent Island % Correct
587,041 Africa Madagascar
89%
2,130,800 North America Greenland
85%
105,806 North America Cuba
74%
101,826 Europe Iceland
73%
84,421 Europe Ireland
69%
65,268 Asia Sri Lanka
66%
209,331 Europe Great Britain
65%
138,794 Asia Java
55%
748,168 Asia Borneo
53%
111,583 Oceania North Island
50%
145,836 Oceania South Island
50%
225,800 Asia Honshu
49%
785,753 Asia / Oceania New Guinea
48%
78,719 Asia Hokkaido
45%
443,065 Asia Sumatra
45%
73,929 North America Hispaniola
43%
507,451 North America Baffin Island
38%
65,022 Oceania Tasmania
35%
109,965 Asia Luzon
30%
108,860 North America Newfoundland
25%
180,681 Asia Sulawesi
25%
217,291 North America Victoria Island
21%
196,236 North America Ellesmere Island
19%
97,530 Asia Mindanao
17%
72,493 Asia Sakhalin
13%
70,028 North America Banks Island
9%
No matching quizzes found
Score Distribution
Percent of People with Each Score
Percentile by Number Answered
Your Score History
You have not taken this quiz since the last reset